| 000 | 00766nam a2200253 a 4500 | ||
|---|---|---|---|
| 003 | AR-BaBNM | ||
| 005 | 20251128203408.0 | ||
| 008 | 082120s2002 ||||||||||||||000 | spa|| | ||
| 040 | _cAR-BaBNM | ||
| 100 | 1 | _aLinares Quintana, Segundo V. | |
| 245 | 0 | 0 |
_aTratado de la ciencia del derecho constitucional argentino y comparado _bparte general : teoría de la constitución. 2 |
| 260 |
_aBuenos Aires _bAlfa _c1953 |
||
| 300 | _a513 p. | ||
| 500 | _aIndice p. 497-513 | ||
| 504 | _aBibliografía a pie de página | ||
| 650 | 4 | _aDERECHO CONSTITUCIONAL | |
| 650 | 4 | _aDERECHO COMPARADO | |
| 650 | 4 | _aCONSTITUCIONES | |
| 650 | 4 | _aREFORMA LEGISLATIVA | |
| 650 | 4 | _aHISTORIA CONSTITUCIONAL | |
| 650 | 4 | _aLEGISLACION ARGENTINA | |
| 942 | _cBK | ||
| 998 | _cAndrea | ||
| 999 |
_c3184 _d3184 |
||